<?xml version="1.0" encoding="UTF-8"?>
<record
    xmlns:xsi="http://www.w3.org/2001/XMLSchema-instance"
    xsi:schemaLocation="http://www.loc.gov/MARC21/slim http://www.loc.gov/standards/marcxml/schema/MARC21slim.xsd"
    xmlns="http://www.loc.gov/MARC21/slim">

  <leader>00901nam a2200265 a 4500</leader>
  <controlfield tag="001">BRCA_4405</controlfield>
  <controlfield tag="005">20190320204647.0</controlfield>
  <controlfield tag="008">910318s1983    mx-ab####b---f000-0#spa-#</controlfield>
  <datafield tag="020" ind1=" " ind2=" ">
    <subfield code="a">9681612493</subfield>
  </datafield>
  <datafield tag="041" ind1=" " ind2=" ">
    <subfield code="a">spa</subfield>
  </datafield>
  <datafield tag="044" ind1=" " ind2=" ">
    <subfield code="a">mx</subfield>
  </datafield>
  <datafield tag="050" ind1=" " ind2="4">
    <subfield code="a">F1331</subfield>
    <subfield code="b">.S87 1983</subfield>
  </datafield>
  <datafield tag="100" ind1="1" ind2=" ">
    <subfield code="a">Super, John C.</subfield>
    <subfield code="9">11187</subfield>
  </datafield>
  <datafield tag="245" ind1="1" ind2="0">
    <subfield code="a">La vida en Quer&#xE9;taro durante la colonia</subfield>
    <subfield code="b">1531-1810</subfield>
    <subfield code="c">John C. Super ; traducci&#xF3;n de Mercedes Pizarro Romero.</subfield>
  </datafield>
  <datafield tag="260" ind1=" " ind2=" ">
    <subfield code="a">M&#xE9;xico</subfield>
    <subfield code="b">FCE</subfield>
    <subfield code="c">1983</subfield>
  </datafield>
  <datafield tag="300" ind1=" " ind2=" ">
    <subfield code="a">294 p.</subfield>
    <subfield code="b">il. mapas, gr&#xE1;ficas</subfield>
    <subfield code="c">23 cm.</subfield>
  </datafield>
  <datafield tag="440" ind1=" " ind2="0">
    <subfield code="a">Secci&#xF3;n de obras de historia</subfield>
    <subfield code="9">11188</subfield>
  </datafield>
  <datafield tag="500" ind1=" " ind2=" ">
    <subfield code="a">Colecci&#xF3;n Sonia Corcuera de Mancera</subfield>
  </datafield>
  <datafield tag="504" ind1=" " ind2=" ">
    <subfield code="a">Bibliograf&#xED;a: p. 287-291</subfield>
  </datafield>
  <datafield tag="651" ind1=" " ind2="4">
    <subfield code="a">Quer&#xE9;taro</subfield>
    <subfield code="x">Vida social y costumbres</subfield>
    <subfield code="y">1531-1810</subfield>
    <subfield code="z">M&#xE9;xico</subfield>
    <subfield code="9">11189</subfield>
  </datafield>
  <datafield tag="651" ind1=" " ind2="4">
    <subfield code="a">Quer&#xE9;taro</subfield>
    <subfield code="x">Condiciones econ&#xF3;micas</subfield>
    <subfield code="y">1531-1810</subfield>
    <subfield code="9">11190</subfield>
  </datafield>
  <datafield tag="700" ind1="1" ind2=" ">
    <subfield code="a">Pizarro Romero, Mercedes</subfield>
    <subfield code="e">tr.</subfield>
    <subfield code="9">11191</subfield>
  </datafield>
  <datafield tag="902" ind1=" " ind2=" ">
    <subfield code="a">DSC</subfield>
  </datafield>
  <datafield tag="942" ind1=" " ind2=" ">
    <subfield code="2">lcc</subfield>
    <subfield code="c">B</subfield>
  </datafield>
  <datafield tag="999" ind1=" " ind2=" ">
    <subfield code="c">4115</subfield>
    <subfield code="d">4115</subfield>
  </datafield>
  <datafield tag="952" ind1=" " ind2=" ">
    <subfield code="0">0</subfield>
    <subfield code="1">0</subfield>
    <subfield code="4">0</subfield>
    <subfield code="7">0</subfield>
    <subfield code="a">BRCA</subfield>
    <subfield code="b">BRCA</subfield>
    <subfield code="d">2010-08-13</subfield>
    <subfield code="l">0</subfield>
    <subfield code="o">F1331 .S87 1983</subfield>
    <subfield code="p">DSC00100</subfield>
    <subfield code="r">2019-03-22 00:00:00</subfield>
    <subfield code="w">2019-03-22</subfield>
    <subfield code="y">B</subfield>
  </datafield>
</record>
